2018/19 Premier League Debutants - Statistics

General Stats
  • This quiz has been taken 18 times
  • The average score is 70 of 130
Answer Stats
% Correct
Liverpool Brazil GK 25 Alisson Becker 38
100%
West Ham United Ukraine RW 28 Andriy Yarmolenko 9 2
100%
Arsenal Germany GK 26 Bernd Leno 32
100%
Leicester City Turkey CB 22 Caglar Soyuncu 6
100%
Manchester United Portugal RB 19 Diogo Dalot 16
100%
Newcastle United Switzerland CB 26 Fabian Schar 24 4
100%
Liverpool Brazil DM 24 Fabinho 28 1
100%
Manchester United Brazil CM 25 Fred 17 1
100%
Chelsea Argentina ST 31 Gonzalo Higuain 14 5
100%
West Ham United France CB 21 Issa Diop 33 1
100%
Leicester City England AM 21 James Maddison 36 7
100%
Bournemouth Colombia DM 23 Jefferson Lerma 30 2
100%
Chelsea Italy DM 26 Jorginho 37 2
100%
Chelsea Spain GK 23 Kepa Arrizabalaga 36
100%
Arsenal Uruguay DM 22 Lucas Torreira 34 2
100%
Chelsea Croatia CM 24 Mateo Kovacic 32
100%
Newcastle United Paraguay RW 25 Miguel Almiron 10
100%
Liverpool Guinea CM 23 Naby Keita 25 2
100%
Tottenham Hotspur England DM 18 Oliver Skipp 8
100%
Wolverhampton Wanderers Mexico ST 27 Raul Jimenez 38 13
100%
Leicester City Portugal RB 24 Ricardo Pereira 35 2
100%
Wolverhampton Wanderers Portugal DM 21 Ruben Neves 35 4
100%
Arsenal Greece CB 30 Sokratis Papastathopoulos 25 1
100%
Everton Colombia CB 24 Yerry Mina 13 1
100%
Leicester City Belgium CM 21 Youri Tielemans 13 3
100%
Everton Portugal CM 25 Andre Gomes 27 1
89%
Everton Brazil LW 25 Bernard 34 1
89%
Wolverhampton Wanderers Portugal LW 21 Diogo Jota 33 9
89%
West Ham United Brazil RW 25 Felipe Anderson 36 9
89%
Wolverhampton Wanderers Portugal CM 31 Joao Moutinho 38 1
89%
Wolverhampton Wanderers Spain LB 24 Jonny Otto 33 1
89%
Wolverhampton Wanderers Belgium DM 23 Leander Dendoncker 19 2
89%
Wolverhampton Wanderers Ivory Coast CB 27 Willy Boly 36 4
89%
Arsenal England RW 17 Bukayo Saka 1
78%
Bournemouth Wales CB 21 Chris Mepham 13
78%
Bournemouth Wales RW 21 David Brooks 30 7
78%
Fulham Cameroon CM 22 Frank Anguissa 22
78%
Fulham Ivory Coast DM 27 Jean Michael Seri 32 1
78%
Tottenham Hotspur Argentina RB 20 Juan Foyth 12 1
78%
Everton France LB 25 Lucas Digne 35 4
78%
Arsenal France CM 19 Matteo Guendouzi 33
78%
Crystal Palace Germany AM 22 Max Meyer 29 1
78%
Wolverhampton Wanderers Morocco CB 28 Romain Saiss 19 2
78%
Fulham England LM 18 Ryan Sessegnon 35 2
78%
Newcastle United England CM 21 Sean Longstaff 9 1
78%
Manchester United Netherlands AM 19 Tahith Chong 2
78%
Brighton & Hove Albion Mali CM 21 Yves Bissouma 28
78%
Bournemouth Ireland GK 19 Mark Travers 2
67%
Manchester United England RW 17 Mason Greenwood 3
67%
Southampton Norway LW 24 Mohamed Elyounoussi 16
67%
Wolverhampton Wanderers England AM 18 Morgan Gibbs-White 26
67%
Wolverhampton Wanderers Portugal GK 30 Rui Patricio 37
67%
Arsenal Switzerland RB 34 Stephan Lichtsteiner 14
67%
Crystal Palace Spain GK 31 Vicente Guaita 20
67%
Brighton & Hove Albion Iran RW 25 Alireza Jahanbakhsh 19
56%
West Ham United England RB 19 Ben Johnson 1
56%
Bournemouth Spain LB 25 Diego Rico 12
56%
Southampton Denmark CB 26 Jannik Vestergaard 23
56%
Watford Sweden LM 24 Ken Sema 17 1
56%
Brighton & Hove Albion Spain RB 27 Martin Montoya 25
56%
Wolverhampton Wanderers Portugal LB 19 Ruben Vinagre 17
56%
West Ham United England RB 25 Ryan Fredericks 15 1
56%
Fulham Spain GK 25 Sergio Rico 29
56%
Southampton Scotland CM 26 Stuart Armstrong 29 3
56%
Southampton England LM 20 Tyreke Johnson 1
56%
Fulham Mauritania ST 23 Aboubakar Kamara 13 3
44%
Cardiff City Jamaica AM 25 Bobby Decordova-Reid 27 5
44%
Wolverhampton Wanderers Angola RW 24 Helder Costa 25 1
44%
Wolverhampton Wanderers Portugal LW 24 Ivan Cavaleiro 23 3
44%
Fulham DR Congo LW 26 Neeskens Kebano 7
44%
Cardiff City Philippines GK 28 Neil Etheridge 38
44%
Leicester City Algeria RW 26 Rachid Ghezzal 19 1
44%
West Ham United Portugal RW 21 Xande Silva 1
44%
Southampton Tunisia RB 19 Yan Valery 23 2
44%
Huddersfield Town England RB 18 Aaron Rowe 2
33%
Huddersfield Town France RW 22 Adama Diakhaby 12
33%
Watford Morocco CB 24 Adam Masina 14
33%
Fulham Ireland RB 25 Cyrus Christie 28
33%
Arsenal Spain AM 25 Denis Suarez 4
33%
West Ham United Paraguay CB 26 Fabian Balbuena 23 1
33%
Brighton & Hove Albion Romania ST 25 Florin Andone 23 3
33%
West Ham United England RW 20 Grady Diangana 17
33%
Fulham England AM 16 Harvey Elliott 2
33%
Huddersfield Town Belgium RW 22 Isaac Mbenza 22 1
33%
Huddersfield Town Curacao CM 21 Juninho Bacuna 21 1
33%
Huddersfield Town England ST 21 Karlan Grant 13 4
33%
Cardiff City Denmark ST 24 Kenneth Zohore 19 1
33%
Fulham France CB 28 Maxime Le Marchand 26
33%
Wolverhampton Wanderers England CB 21 Max Kilman 1
33%
Cardiff City Ivory Coast CB 33 Sol Bamba 28 4
33%
Cardiff City Spain CM 24 Victor Camarasa 32 5
33%
Newcastle United Japan ST 26 Yoshinori Muto 17 1
33%
Southampton Scotland GK 22 Angus Gunn 12
22%
Watford England CB 18 Ben Wilmot 2
22%
Brighton & Hove Albion Brazil CB 23 Bernardo 22
22%
Cardiff City Gabon CB 30 Bruno Ecuele Manga 38
22%
Brighton & Hove Albion England GK 29 David Button 4
22%
Fulham Ghana RB 30 Denis Odoi 31
22%
Watford Portugal CM 19 Domingos Quina 8 1
22%
Huddersfield Town Germany RB 26 Erik Durm 28
22%
Fulham Spain GK 30 Fabri 2
22%
Fulham Guinea DM 24 Ibrahima Cisse 3
22%
Manchester United England DM 17 James Garner 1
22%
Fulham England LB 24 Joe Bryan 28
22%
Huddersfield Town England GK 23 Joel Coleman 1
22%
Cardiff City England CM 24 Joe Ralls 28
22%
Huddersfield Town Slovenia DM 22 Jon Gorenc Stankovic 11 1
22%
Cardiff City England RW 25 Kadeem Harris 13 1
22%
Wolverhampton Wanderers Brazil ST 24 Leo Bonatini 7
22%
Fulham England GK 26 Marcus Bettinelli 7
22%
Cardiff City Guatemala RW 26 Nathaniel Mendez-Laing 20 4
22%
Liverpool Portugal RW 18 Rafael Camacho 1
22%
Fulham Norway CM 27 Stefan Johansen 12
22%
Newcastle United Italy LB 23 Antonio Barreca 1
11%
Cardiff City Scotland ST 23 Callum Paterson 27 4
11%
Southampton England CM 19 Callum Slattery 3
11%
Huddersfield Town England RB 20 Demeaco Duhaney 1
11%
Fulham Togo LW 29 Floyd Ayite 16 1
11%
Cardiff City England ST 27 Gary Madine 5
11%
Cardiff City England RB 31 Lee Peltier 20
11%
Brighton & Hove Albion Nigeria CB 30 Leon Balogun 8 1
11%
Cardiff City France CM 27 Loic Damour 2
11%
Fulham Argentina ST 24 Luciano Vietto 20 1
11%
Tottenham Hotspur England DM 21 Luke Amos 1
11%
Crystal Palace England CM 20 Luke Dreher 1
11%
Watford Spain RB 23 Marc Navarro 2
11%
Huddersfield Town England AM 18 Matty Daly 2
11%
Wolverhampton Wanderers England GK 25 Will Norris 1
11%
Southampton England RB 18 Kayne Ramsay 1
0%
Bournemouth England ST 20 Sam Surridge 2
0%
No matching quizzes found
Score Distribution
Percent of People with Each Score
Percentile by Number Answered
Your Score History
You have not taken this quiz